| 000 | 00777nam a2200253Ia 4500 | ||
|---|---|---|---|
| 003 | OSt | ||
| 005 | 20220925224911.0 | ||
| 006 | a|||||r|||| 00| 0 | ||
| 007 | ta | ||
| 008 | 220923b |||||||| |||| 00| 0 eng d | ||
| 037 | _cGeneral Book | ||
| 040 |
_aRTL _cRTL _beng |
||
| 041 |
_2eng _aeng |
||
| 082 | _aU45.791.N9, N1 | ||
| 100 |
_aBrown Lawrence A _9286775 |
||
| 245 | 0 | _aPlace,migration and development in the third world An Alternative View | |
| 260 |
_aLondon _bRoutledge Publications U K _c1991 |
||
| 300 |
_axx,252p _ccm. |
||
| 490 | _aRoutledge Series On Geography And Environment | ||
| 500 | _aBibliography:P223-45 | ||
| 650 | _aRural Geography | ||
| 942 |
_hU45.791.N9, N1 _cGB _2CC |
||
| 999 |
_c582518 _d582518 |
||